| 000 | 00466 a2200133 4500 | ||
|---|---|---|---|
| 001 | 88079 | ||
| 082 | _aPR 318 | ||
| 090 |
_c41489 _d41489 |
||
| 100 | _aAsim Altaf, 995821 | ||
| 245 | _aTo Study the possibility of provisioning of Air Conditioning of Y-12 aircraft which could provide adequate cooling on ground and during low level flight | ||
| 260 |
_aRislapur _bNUST Risalpur _c2003 |
||
| 300 |
_aix, 60p. _eZubair Islam; Aftab Aslam |
||
| 500 | _aBE Project Reports | ||
| 942 |
_aCAE NUST _kPR 318 |
||
| 999 |
_c323152 _d323152 |
||